Statistics for Phoebe Bridgers Discography

Click here to take the quiz!

General Stats

  • This quiz has been taken 110 times
  • The average score is 25 of 37

Answer Stats

Answer% Correct
14Punisher
93%
21I Know The End
92%
2Motion Sickness
92%
12Garden Song
90%
7Georgia
90%
19ICU
90%
20Graceland Too
89%
13Kyoto
89%
17Moon Song
89%
16Chinese Satellite
88%
5Scott Street
88%
11DVD Menu
86%
3Funeral
85%
4Demi Moore
82%
15Halloween
82%
1Smoke Signals
81%
8Chelsea
79%
18Savior Complex
79%
22Bite The Hand
78%
23Me & My Dog
76%
6Killer
75%
10You Missed My Heart
75%
27Ketchum, ID
67%
26Salt in the Wound
65%
9Would You Rather
64%
24Souvenir
63%
25Stay Down
63%
30Dylan Thomas
49%
33Chesapeake
43%
28Didn't Know What I Was in For
42%
34My City
36%
29Sleepwalkin'
33%
35Forest Lawn
32%
31Service Road
31%
36Big Black Heart
29%
37Dominos
28%
32Exception to the Rule
28%

Score Distribution

Percentile by Number Answered

Percent of People with Each Score

Your Score History

You have not taken this quiz